00515nam a2200133Ia 4500008004100000100002200041245007500063260004400138300001800182650002000200856006900220999001900289952007300308160712s9999 xx 000 0 und d aMadrid, Randy M.  cRandy M. MadridaA History of Disastrous Fires in Philippine Chinatown c2012bPhilippine Social Sciences Review avol. 64 no. 2 xSOCIAL SCIENCES uhttp://journals.upd.edu.ph/index.php/pssr/issue/view/412/showToc c297518d297518 001040aCLbCLd2016-07-12l0r2016-07-12 00:00:00w2016-07-12yFEJ